000 00513nam a2200217Ia 4500
003 OSt
005 20220928141822.0
006 a|||||r|||| 00| 0
007 ta
008 220927b |||||||| |||| 00| 0 eng d
024 _a17860
037 _cTextual
040 _aSDCL
_cSDCL
_beng
041 _2eng
_aeng
082 _aP15, A:12, K7
100 _aSantavna
_9502349
245 0 _aPhitsutras.
260 _c1967
942 _hP15, A:12, K7
_cTEXL
_2CC
999 _c820139
_d820139